Geography Quiz

Random Geography or Flags Quiz

Flags with Text Quiz Stats

 Plays Quiz not verified by Sporcle

Score 0/22 Timer 05:00
0 Plays Today
Country % Correct
Brazil
79.3%
Saudi Arabia
74.5%
Iraq
65.8%
Iran
63%
Afghanistan
44.6%
Belize
39.1%
Nicaragua
39.1%
El Salvador
37.5%
Egypt
37.1%
Guatemala
36.4%
Haiti
31%
Country % Correct
Spain
31%
Andorra
29.9%
Paraguay
29.3%
San Marino
28.8%
Dominican Republic
27.7%
Bolivia (state)
23.7%
Costa Rica (state)
22.4%
Brunei
20.7%
Malta
18.9%
Venezuela (state)
18.2%
Equatorial Guinea
14.7%

You're not logged in!

Compare scores with friends on all Sporcle quizzes.
OR
Log In

Show Comments

Extras

Created Feb 18, 2012SourceReportNominate
Tags:Flags Quiz, text

Top Quizzes Today


Score Distribution

Your Account Isn't Verified!

In order to create a playlist on Sporcle, you need to verify the email address you used during registration. Go to your Sporcle Settings to finish the process.

Report this User

Report this user for behavior that violates our Community Guidelines.

Details: